000 00304nam a2200121Ia 4500
008 230907s9999||||xx |||||||||||||| ||und||
082 _a621.31,MOH
100 _aMohan, Ned.
_968672
245 0 _aPower electronics :
260 _aWiley,
_bHoboken, N.J. :
_c2012
300 _axiii, 270 p. :
942 _cBK
999 _c597839
_d597839